[Event "49th Rilton Cup 2019-20"]
[Site "Stockholm"]
[Date "2020.01.03"]
[Round "7.14"]
[White "Soumya, Swaminathan"]
[Black "Valsecchi, Alessio"]
[Result "1/2-1/2"]
[WhiteElo "2384"]
[BlackElo "2503"]
[Annotator "TA"]
[PlyCount "152"]
[EventDate "2019.12.27"]
[EventType "swiss"]
[EventCountry "SWE"]
[SourceTitle "playchess.com"]
[Source "ChessBase"]
[SourceQuality "1"]

{[%evp 11,152,41,45,27,16,15,21,20,31,18,14,14,19,0,12,-14,-15,-1,18,17,10,0,0,0,0,0,0,-8,-8,-45,-45,-94,-81,-99,-72,-72,-72,-72,-72,-72,-72,-86,-80,-76,-81,-82,0,-96,-70,-70,-70,-70,-70,-70,-70,-70,-70,-70,-64,-72,-24,-76,0,-29965,-28,-36,0,0,0,0,0,0,0,0,0,0,0,0,0,0,0,0,0,0,0,0,0,0,0,0,0,0,0,0,0,0,0,0,0,0,0,0,0,0,0,0,0,0,0,0,0,0,0,0,0,0,0,0,0,0,0,0,0,0,0,0,0,0,0,0,0,0,0,0,0,0,0,0,0,0,0,0,0]} 1. e4 c5 2. Nf3 Nc6 3. d4 cxd4 4. Nxd4 g6 5. c4 Nf6 6. Nc3 d6 7. h3 {B36: Sicilian: Maroczy Bind: Gurgenidze System} (7. Be2 Nxd4 8. Qxd4 Bg7 9. Be3 O-O 10. Qd2 a5 11. f3 a4 12. O-O Bd7 13. Rfc1 Bc6 14. Rab1 Qa5 15. Nd5 Qd8 16. Nb6 Rb8 17. b4 axb3 18. axb3 {1-0 (49) Abdusattorov,N (2635)-Mamedov,R (2659) Moscow 2019}) 7... Nxd4 8. Qxd4 Bg7 9. Be3 O-O 10. Qd2 Be6 11. Bd3 Nd7 $146 ({Predecessor:} 11... Qa5 12. O-O Rfc8 13. Qe2 a6 14. f4 Bd7 {0-1 (38) Mamedov,T-Savitskiy,S (2095) Khanty-Mansiysk 2007}) 12. Be2 Qa5 13. Bd4 Bxd4 14. Qxd4 Rfc8 15. O-O a6 16. Nd5 Bxd5 17. exd5 b5 18. cxb5 axb5 19. b4 Qb6 20. Qe4 Ne5 21. Kh2 Ra3 22. Qh4 Rc2 (22... Rc7 {with more complications.} 23. f4 Qd4 24. Qf2 Qxf2 25. Rxf2 Nc4) 23. Bd1 Rcxa2 24. Rxa2 Rxa2 25. Qxe7 Rxf2 26. Rxf2 Qxf2 27. Qxd6 Qf4+ 28. Kh1 {[#]} Qg3 (28... Qe3 $1 $17 29. Kh2 Kg7) 29. Bc2 (29. Qb6 $1 $11) 29... Kg7 30. Qc5 Qe1+ 31. Kh2 Qd2 32. d6 Nc4 33. Qxb5 Qxd6+ 34. Kh1 Ne3 35. Qd3 Qe5 36. b5 (36. Bd1 $11 {remains equal.}) 36... Nf5 (36... Nxc2 $17 37. Qxc2 Qxb5 38. Qc3+ f6 39. Qc7+ Kh6) 37. g4 $2 {[%mdl 8192] [#]} (37. b6 $11) 37... Ne3 $2 (37... Qe1+ {mates} 38. Kh2 Qf2+ 39. Kh1 Ng3+ 40. Qxg3 Qxg3 41. h4 Qxg4 42. h5 Qxh5+ {[%mdl 64] Double Attack} 43. Kg2 Qe2+ {[%mdl 64] Double Attack} 44. Kg1 Qxc2 45. b6 Qb2 46. Kf1 Qxb6 47. Ke2 Qd4 48. Kf3 f5 49. Kg3 Qe3+ 50. Kh2 f4 51. Kh1 Qe2 52. Kg1 f3 53. Kh1 Qg2#) 38. b6 $11 Qf4 {( -> ...Qf3+)} 39. Qe2 {The position is equal.} Qg3 40. Be4 Qxh3+ 41. Kg1 {Black must now prevent Qf3.} Qg3+ 42. Bg2 $1 Nxg4 43. b7 {aiming for Qb2+.} Qh2+ 44. Kf1 Qf4+ 45. Kg1 Qh2+ 46. Kf1 Qf4+ 47. Kg1 {And now Qb2+ would win.} Qc1+ 48. Bf1 Qc5+ 49. Kh1 Qd5+ 50. Bg2 Qh5+ 51. Kg1 Qc5+ 52. Kh1 Qc1+ 53. Bf1 Qb1 54. Qxg4 {Qf3 is the strong threat.} Qxb7+ 55. Bg2 {Threatening mate with Qd4+.} Qb1+ 56. Kh2 Qb2 57. Qe4 h5 58. Kh3 Qc3+ 59. Bf3 Qb2 60. Kg3 Qf6 61. Kg2 Kh6 62. Be2 Qg5+ 63. Kh3 Qc5 64. Qf4+ Kg7 65. Bd3 Qd5 66. Be4 Qd4 67. Kg2 f5 68. Qc7+ Kf6 69. Bf3 Qd2+ 70. Kg3 Qe1+ 71. Kg2 Qe5 72. Qd8+ Kg7 73. Bxh5 Qb2+ (73... gxh5 $5 74. Qg5+ $8 Kf8 75. Qxh5 Kg7 $11) 74. Kf1 gxh5 75. Qg5+ {[%mdl 64] Double Attack} Kf7 {Threatens to win with ...Qb1+.} 76. Qxf5+ Qf6 {Accuracy: White = 64%, Black = 63%.} 1/2-1/2

[Event "49th Rilton Cup 2019-20"]
[Site "Stockholm"]
[Date "2020.01.03"]
[Round "7.15"]
[White "Ivanov, Sergey"]
[Black "Sorensen, Hampus"]
[Result "1-0"]
[WhiteElo "2478"]
[BlackElo "2364"]
[Annotator "ChessBase"]
[PlyCount "77"]
[EventDate "2019.12.27"]
[EventType "swiss"]
[EventCountry "SWE"]
[SourceTitle "playchess.com"]
[Source "ChessBase"]
[SourceQuality "1"]
[TimeControl "40/5400+30:1800+30"]

1. d4 {[%emt 0:00:00]} d5 {[%emt 0:00:00]} 2. c4 {[%emt 0:00:00]} c6 {[%emt 0:00:12]} 3. Nc3 {[%emt 0:00:00]} Nf6 {[%emt 0:00:34]} 4. Nf3 {[%emt 0:00:07]} e6 {[%emt 0:00:09]} 5. Bg5 {[%emt 0:00:11]} h6 {[%emt 0:02:08]} 6. Bxf6 {[%emt 0:00:20]} Qxf6 {[%emt 0:00:44]} 7. e3 {[%emt 0:00:08]} Nd7 {[%emt 0:04:10]} 8. Bd3 {[%emt 0:01:03]} dxc4 {[%emt 0:01:43]} 9. Bxc4 {[%emt 0:00:18]} g6 {[%emt 0:00:37]} 10. O-O {[%emt 0:03:22]} Bg7 {[%emt 0:01:21]} 11. Re1 {[%emt 0:01:55]} O-O {[%emt 0:04:10]} 12. e4 {[%emt 0:00:36]} e5 {[%emt 0:01:15]} 13. d5 {[%emt 0:00:33]} Nb6 {[%emt 0:02:11]} 14. Bb3 {[%emt 0:02:45]} Bg4 {[%emt 0:06:06]} 15. Re3 {[%emt 0:00:54]} Rad8 {[%emt 0:16:03]} 16. Qe2 {[%emt 0:05:59]} Qe7 {[%emt 0:10:32]} 17. h3 {[%emt 0:06:21]} Bc8 {[%emt 0:00:15]} 18. dxc6 {[%emt 0:03:03]} bxc6 {[%emt 0:01:06]} 19. Na4 {[%emt 0:00:37]} Rd6 {[%emt 0:05:47]} 20. Rc1 {[%emt 0:04:49]} Rfd8 {[%emt 0:08:43]} 21. Rec3 {[%emt 0:01:02]} Qe8 {[%emt 0:02:33]} 22. Rc5 {[%emt 0:05:04]} Nd7 {[%emt 0:10:44]} 23. Rxc6 {[%emt 0:08:12]} Rxc6 {[%emt 0:01:21]} 24. Rxc6 {[%emt 0:00:08]} Nf8 {[%emt 0:01:38]} 25. Rc7 {[%emt 0:03:05]} Rd7 {[%emt 0:00:24]} 26. Qc2 {[%emt 0:06:02]} Bb7 {[%emt 0:02:01]} 27. Nd2 {[%emt 0:05:40]} Bf6 {[%emt 0:08:32]} 28. Rxd7 {[%emt 0:03:16]} Nxd7 {[%emt 0:00:40]} 29. Nc5 {[%emt 0:10:57]} Nxc5 {[%emt 0:04:44]} 30. Qxc5 {[%emt 0:00:08]} Qd7 {[%emt 0:02:45]} 31. Nc4 {[%emt 0:13:46]} Qd4 {[%emt 0:01:49]} 32. Qxd4 {[%emt 0:01:15]} exd4 {[%emt 0:00:01]} 33. Nd6 {[%emt 0:00:17]} Bc6 {[%emt 0:00:56]} 34. Bxf7+ {[%emt 0:00:57]} Kg7 {[%emt 0:00:23]} 35. Bd5 {[%emt 0:01:13]} Bxd5 {[%emt 0:00:30]} 36. exd5 {[%emt 0:00:08]} d3 {[%emt 0:00:06]} 37. Nc4 {[%emt 0:00:31]} d2 {[%emt 0:00:55]} 38. Nxd2 {[%emt 0:00:08]} Bxb2 {[%emt 0:00:01]} 39. Ne4 {[%emt 0:01:14]} 1-0

[Event "49th Rilton Cup 2019-20"]
[Site "Stockholm"]
[Date "2020.01.03"]
[Round "7.16"]
[White "Mikalsen, Erlend"]
[Black "Alexakis, Dimitrios"]
[Result "0-1"]
[WhiteElo "2361"]
[BlackElo "2093"]
[Annotator "TA"]
[PlyCount "48"]
[EventDate "2019.12.27"]
[EventType "swiss"]
[EventCountry "SWE"]
[SourceTitle "playchess.com"]
[Source "ChessBase"]
[SourceQuality "1"]

{[%evp 15,48,32,45,21,56,56,47,47,46,46,45,0,0,0,0,-13,0,-66,-35,-43,-39,-35,9,2,46,35,36,14,12,14,9,27,21,-1012,-1033]} 1. e4 c5 2. Nf3 Nc6 3. d4 cxd4 4. Nxd4 Nf6 5. Nc3 d6 6. Bc4 Bd7 7. Be3 Ng4 8. Nxc6 bxc6 9. Bf4 {B57: Classical Sicilian: Sozin with 6...Qb6} (9. Qf3 Ne5 10. Qe2 Nxc4 11. Qxc4 e6 12. O-O-O Be7 13. e5 d5 14. Qg4 g6 15. Na4 Qa5 16. Qd4 Rc8 {0-1 (94) Bosiocic,M (2591)-Li,C (2720) Doha 2016}) 9... g5 $146 ({Predecessor:} 9... e5 10. Bg3 Be7 11. h3 Nf6 12. O-O a5 13. f4 exf4 14. Bxf4 O-O 15. e5 Qb6+ 16. Kh1 dxe5 17. Bxe5 {½-½ (47) Djurhuus,R (2438)-Agdestein,S (2581) Sarpsborg 2018}) 10. Bxg5 Qb6 {[%csl Gg4][%cal Rb6f2] [#]} 11. Qd2 $1 {White is slightly better.} Qxb2 12. Rb1 Qa3 13. Rb7 Bc8 14. Rb1 Rg8 {Strongly threatening ...Rxg5!} 15. Bf4 Qc5 16. Bd3 ({Better is} 16. Bb3 $11) 16... Bg7 17. Nd1 Be6 18. a4 Bf6 19. O-O Qh5 20. Ne3 Be5 21. Bxe5 Nxe5 22. Be2 Nf3+ $1 23. Bxf3 Qxf3 24. Qc3 $2 {[%mdl 8192] [#]} (24. Rfe1 $11) 24... Rxg2+ $1 {[%mdl 576] Pin. Accuracy: White = 60%, Black = 68%.} 0-1

[Event "49th Rilton Cup 2019-20"]
[Site "Stockholm"]
[Date "2020.01.03"]
[Round "7.17"]
[White "Serarols Mabras, Bernat"]
[Black "Piesik, Piotr"]
[Result "1/2-1/2"]
[WhiteElo "2356"]
[BlackElo "2417"]
[Annotator "TA"]
[PlyCount "130"]
[EventDate "2019.12.27"]
[EventType "swiss"]
[EventCountry "SWE"]
[SourceTitle "playchess.com"]
[Source "ChessBase"]
[SourceQuality "1"]

{[%evp 9,130,26,37,35,25,29,34,29,39,41,32,44,46,43,30,20,37,31,64,68,68,74,75,67,120,140,120,124,185,169,161,171,184,181,225,233,208,228,234,185,239,212,231,181,210,0,0,0,0,0,0,0,15,2,2,0,0,-59,-59,-59,-59,-59,-59,-60,-60,-99,-99,-381,-93,-99,-74,-99,-74,-74,-74,-74,-61,-99,-99,-106,-78,-81,-74,-85,-94,-75,-74,-74,-74,-74,-25,-26,-14,-12,-12,-23,-12,-15,-8,-27,-8,-8,-8,-8,0,-8,-8,-8,-7,-7,-7,-8,-8,-8,-8,-8,-8,-8,-8,-8,0,-8,-8]} 1. d4 Nf6 2. c4 c5 3. d5 b5 4. cxb5 a6 5. bxa6 e6 6. Nc3 {A58: Benko/Volga Gambit: Lines with 5 bxa6} exd5 7. Nxd5 Be7 8. Nxe7 {White is slightly better.} (8. Nf3 Nxd5 9. Qxd5 Rxa6 10. e4 Rd6 11. Qb3 Rb6 12. Qc2 O-O 13. Bc4 Nc6 {0-1 (38) Parligras,M (2645)-Nisipeanu,L (2674) Bucharest 2018}) 8... Qxe7 9. Bf4 d5 10. e3 O-O 11. Be2 Bxa6 $146 ({Predecessor:} 11... Rd8 12. Nf3 d4 13. Qb3 Nxa6 {1-0 (40) Ouellet,M (2079)-Perez Rodriguez,L (2348) Longueuil 2019}) 12. Bxa6 Rxa6 13. Ne2 Qa7 14. a3 Qb7 15. O-O Nbd7 16. b4 c4 (16... Rc8 $14) 17. Nc3 $16 Rfa8 18. Qc1 $1 Nh5 (18... d4 $16 {was called for.}) 19. Bg3 Nxg3 20. hxg3 ({Don't play} 20. fxg3 $6 Nf6 $11) 20... Ne5 21. b5 Rh6 {[#] next ...d4! is good for Black.} 22. Qd1 $1 Rd8 {[#]} 23. Qd4 $1 {[%cal Rd4e5]} f6 24. Rfd1 Nd3 (24... Kh8 $142 25. Nxd5 Qf7) 25. e4 $18 Qf7 26. Nxd5 Kh8 {With the idea ...f5.} 27. g4 $2 (27. Qxc4 $18 Qh5 28. Kf1) 27... f5 $1 $11 {[%cal Rf5e4]} 28. exf5 Qxd5 29. Qxd5 Rxd5 {[#]} 30. Rac1 $1 {[%mdl 512]} Rd4 (30... Nxc1 31. Rxd5) 31. Rc2 Kg8 $132 {[%mdl 2048] Black is fighting back} 32. f3 (32. a4 {feels hotter.} Rxg4 33. g3 Rb6 34. Rb1 Nc5 35. Rb4) 32... Rhd6 33. a4 (33. Rb1 $11) 33... Nb4 $1 $15 34. Rxd4 Rxd4 {[%mdl 4096] Endgame KRN-KR} 35. Rc1 $1 Nd5 36. a5 c3 $1 37. b6 Rb4 38. Kh2 $2 {[%mdl 8192]} (38. Kf2 $17) 38... Rb5 $2 (38... Kf7 $19 {has better winning chances.} 39. Kg3 Rb5) 39. Ra1 $17 c2 40. a6 Nxb6 41. Rc1 Rc5 42. a7 Kf7 43. Kg3 Kf6 {Hoping for ...Ke5.} 44. Kf4 h6 45. Ke3 Rc7 46. Kd3 Rxa7 47. Rxc2 {And now Rc6+ would win.} Ke5 {...Kf4 is the strong threat.} (47... Nd5 {with more complications.} 48. Ke4 Rc7 49. Rb2 Rd7 50. Rc2 Kg5) 48. Ke3 Nd5+ 49. Kf2 {[#]} h5 $1 50. gxh5 Kxf5 51. g4+ Ke5 52. Kg3 Ra3 53. Rb2 Kf6 54. Rb7 Re3 55. Rb5 {The position is equal.} Ke6 56. Rb7 Kf6 57. Rb5 Rd3 58. Ra5 Ne7 59. Ra6+ Kf7 60. Ra7 Rc3 61. Kf4 Ke6 62. Ra6+ Rc6 63. Rxc6+ Nxc6 64. Kg5 {Black must now prevent Kg6.} Kf7 65. h6 gxh6+ {Accuracy: White = 82%, Black = 52%.} 1/2-1/2

[Event "49th Rilton Cup 2019-20"]
[Site "Stockholm"]
[Date "2020.01.03"]
[Round "7.19"]
[White "Vestby-Ellingsen, Mads"]
[Black "Haug, Johannes"]
[Result "1/2-1/2"]
[WhiteElo "2346"]
[BlackElo "2407"]
[Annotator "TA"]
[PlyCount "87"]
[EventDate "2019.12.27"]
[EventType "swiss"]
[EventCountry "SWE"]
[SourceTitle "playchess.com"]
[Source "ChessBase"]
[SourceQuality "1"]

{[%evp 9,87,31,31,30,34,29,31,31,29,31,35,28,35,34,41,16,28,30,20,15,27,0,37,25,43,32,29,29,41,18,12,12,22,0,18,0,7,0,52,52,48,48,52,54,68,18,46,35,51,37,53,49,67,54,51,39,66,17,16,17,33,16,25,0,0,0,0,0,39,35,120,0,0,0,0,0,4,0,0,0]} 1. Nf3 d5 2. d4 Nf6 3. c4 e6 4. Nc3 a6 5. cxd5 exd5 6. Bg5 {D37: Queen's Gambit Declined: 5 Bf4} Be6 7. e3 Nbd7 8. Bd3 {White is slightly better.} Bd6 (8... h6 9. Bf4 g5 10. Bg3 Nh5 11. Be5 Nhf6 12. Bg3 Nh5 13. Be5 Nhf6 {½-½ (13) Grischuk,A (2777)-Andreikin,D (2724) Moscow 2019}) 9. O-O O-O 10. Qc2 h6 11. Bf4 Qe7 12. Rab1 c6 13. Bxd6 Qxd6 14. Na4 $146 Bg4 15. Rfc1 Rfc8 (15... Bxf3 $5 16. gxf3 a5 $11) 16. Nd2 b6 17. b4 Qe7 18. h3 Be6 19. Nb3 Ne8 20. Qe2 Rc7 21. Rb2 Nd6 22. Rbc2 Nc4 23. Qe1 f5 (23... Qd6 $11) 24. Nb2 $14 {[%cal Rb2c4,Ba4b2,Bb2d3,Bd3c5][%mdl 32]} b5 25. Bf1 Nf6 26. Nd3 Ne4 27. Ndc5 Bc8 28. Bd3 Raa7 29. a4 Ned6 30. Ra2 Qf7 31. Rca1 Re7 32. Qd1 Ne4 33. Bxe4 fxe4 34. axb5 cxb5 35. Nd2 Qg6 36. Kh1 Rf7 37. Nxc4 bxc4 {[#]} 38. b5 $1 {[%mdl 512]} a5 (38... Bxh3 $5 39. gxh3 Rf3 $11) (38... axb5 39. Rxa7) 39. Qe1 Qh5 (39... Kh7 $14) 40. Qg1 (40. Rxa5 $6 Rxa5 41. Rxa5 Bxh3 $11) (40. b6 $16 Ra8 41. Kh2 (41. Rxa5 Rxa5 42. Qxa5 Bxh3 $11)) 40... Rf6 $11 {The position is equal.} 41. Qh2 {Strongly threatening Qb8.} (41. Rxa5 $2 Rxa5 42. Rxa5 Bxh3 $1 $19 {[%mdl 512]}) 41... Raf7 42. Qe5 Qh4 $1 (42... Qxe5 43. dxe5 Rb6 44. Rb1 $14) 43. Qg3 ({But not} 43. Rxa5 $2 {[#]} Bxh3 $1 {[%mdl 512]} 44. Qxf6 Rxf6 $19) 43... Qh5 $1 44. Qe5 {Accuracy: White = 56%, Black = 49%.} 1/2-1/2

[Event "49th Rilton Cup 2019-20"]
[Site "Stockholm"]
[Date "2020.01.03"]
[Round "7.20"]
[White "Eggleston, David J"]
[Black "Valkama, Eero"]
[Result "0-1"]
[WhiteElo "2404"]
[BlackElo "2249"]
[Annotator "NA"]
[PlyCount "148"]
[EventDate "2019.12.27"]
[EventType "swiss"]
[EventCountry "SWE"]
[SourceTitle "playchess.com"]
[Source "ChessBase"]
[SourceQuality "1"]
[TimeControl "40/5400+30:1800+30"]

1. Nf3 {[%emt 0:03:28]} Nf6 {[%emt 0:00:30]} 2. c4 {[%emt 0:00:22]} e6 {[%emt 0:00:10]} 3. g3 {[%emt 0:00:43]} d5 {[%emt 0:00:10]} 4. Bg2 {[%emt 0:00:07]} Be7 {[%emt 0:00:05]} 5. O-O {[%emt 0:00:05]} O-O {[%emt 0:00:07]} 6. d4 {[%emt 0:00:35]} c6 {[%emt 0:00:06]} 7. Nbd2 {[%emt 0:01:39]} b6 {[%emt 0:00:47]} 8. b3 {[%emt 0:01:37]} Nbd7 {[%emt 0:00:53]} 9. Bb2 {[%emt 0:00:45]} Bb7 {[%emt 0:01:11]} 10. Rc1 {[%emt 0:03:08]} c5 {[%emt 0:06:49]} 11. e3 {[%emt 0:03:16]} Rc8 {[%emt 0:03:45]} 12. Re1 {[%emt 0:00:18]} Re8 {[%emt 0:13:53]} 13. Ne5 {[%emt 0:06:32]} Qc7 {[%emt 0:05:31]} 14. Ndf3 {[%emt 0:06:50]} dxc4 {[%emt 0:04:55]} 15. bxc4 {[%emt 0:00:07]} Nxe5 {[%emt 0:07:15]} 16. Nxe5 {[%emt 0:00:46]} Red8 {[%emt 0:02:57]} 17. Qe2 {[%emt 0:02:07]} Bxg2 {[%emt 0:01:01]} 18. Kxg2 {[%emt 0:00:00]} Qb7+ {[%emt 0:00:00]} 19. Qf3 {[%emt 0:01:13]} Qxf3+ {[%emt 0:01:21]} 20. Kxf3 {[%emt 0:00:22]} Nd7 {[%emt 0:00:26]} 21. Nd3 {[%emt 0:16:46]} Bf6 {[%emt 0:09:03]} 22. Red1 {[%emt 0:06:31]} cxd4 {[%emt 0:07:34]} 23. exd4 {[%emt 0:00:44]} Rc7 {[%emt 0:07:47]} 24. Rc2 {[%emt 0:12:38]} Rdc8 {[%emt 0:04:53]} 25. Rdc1 {[%emt 0:00:20]} Bg5 {[%emt 0:00:52]} 26. Nf4 {[%emt 0:00:44]} Nf6 {[%emt 0:02:05]} 27. a3 {[%emt 0:10:17]} Nd5 {[%emt 0:03:25]} 28. h4 {[%emt 0:01:16]} Nxf4 {[%emt 0:03:25]} 29. gxf4 {[%emt 0:03:46]} Bxh4 {[%emt 0:00:07]} 30. c5 {[%emt 0:02:00]} Rc6 {[%emt 0:02:04]} 31. f5 {[%emt 0:02:56]} Be7 {[%emt 0:02:33]} 32. fxe6 {[%emt 0:01:41]} fxe6 {[%emt 0:00:02]} 33. Re2 {[%emt 0:03:13]} Kf7 {[%emt 0:00:58]} 34. Rh1 {[%emt 0:02:22]} bxc5 {[%emt 0:08:46]} 35. Rxh7 {[%emt 0:00:07]} Bf6 {[%emt 0:00:19]} 36. dxc5 {[%emt 0:00:33]} Rxc5 {[%emt 0:00:12]} 37. Bxf6 {[%emt 0:00:00]} Kxf6 {[%emt 0:00:00]} 38. Rh4 {[%emt 0:01:23]} Rc3+ {[%emt 0:02:22]} 39. Re3 {[%emt 0:00:02]} Rxe3+ {[%emt 0:00:09]} 40. fxe3 {[%emt 0:00:07]} Rc5 {[%emt 0:00:05]} 41. Rd4 {[%emt 0:31:44]} g5 {[%emt 0:03:25]} 42. Kg4 {[%emt 0:00:00]} Ra5 {[%emt 0:04:46]} 43. a4 {[%emt 0:00:00]} Re5 {[%emt 0:00:07]} 44. Kf3 {[%emt 0:00:00]} Kf5 {[%emt 0:01:40]} 45. Rc4 {[%emt 0:00:00]} Ra5 {[%emt 0:01:46]} 46. Re4 {[%emt 0:00:00]} Rc5 {[%emt 0:01:41]} 47. Rb4 {[%emt 0:00:00]} a5 {[%emt 0:00:58]} 48. Rg4 {[%emt 0:00:00]} Rc1 {[%emt 0:01:01]} 49. Rd4 {[%emt 0:00:00]} Kf6 {[%emt 0:06:46]} 50. Re4 {[%emt 0:00:00]} e5 {[%emt 0:08:16]} 51. Rg4 {[%emt 0:00:00]} Kf5 {[%emt 0:00:09]} 52. e4+ {[%emt 0:00:00]} Kf6 {[%emt 0:00:07]} 53. Rg2 {[%emt 0:00:00]} Rc3+ {[%emt 0:00:16]} 54. Kg4 {[%emt 0:00:00]} Re3 {[%emt 0:01:48]} 55. Kh5 {[%emt 0:00:00]} Rxe4 {[%emt 0:00:20]} 56. Rxg5 {[%emt 0:00:00]} Rxa4 {[%emt 0:00:05]} 57. Rg6+ {[%emt 0:00:00]} Kf5 {[%emt 0:00:06]} 58. Rg5+ {[%emt 0:00:00]} Ke6 {[%emt 0:00:04]} 59. Rg6+ {[%emt 0:00:00]} Kd5 {[%emt 0:00:04]} 60. Kg5 {[%emt 0:00:00]} Ke4 {[%emt 0:01:40]} 61. Kf6 {[%emt 0:00:00]} Kf4 {[%emt 0:01:25]} 62. Rh6 {[%emt 0:00:00]} e4 {[%emt 0:00:10]} 63. Rh4+ {[%emt 0:00:00]} Kg3 {[%emt 0:02:03]} 64. Kg5 {[%emt 0:00:18]} Rb4 {[%emt 0:00:11]} 65. Rg4+ {[%emt 0:00:20]} Kf3 {[%emt 0:00:10]} 66. Rf4+ {[%emt 0:00:02]} Ke2 {[%emt 0:00:12]} 67. Rf5 {[%emt 0:00:11]} a4 {[%emt 0:01:20]} 68. Kg4 {[%emt 0:00:02]} e3+ {[%emt 0:00:13]} 69. Kg3 {[%emt 0:00:03]} Ke1 {[%emt 0:01:01]} 70. Kf3 {[%emt 0:01:42]} e2 {[%emt 0:00:06]} 71. Re5 {[%emt 0:00:07]} Rb3+ {[%emt 0:00:08]} 72. Kg2 {[%emt 0:00:06]} a3 {[%emt 0:01:47]} 73. Ra5 {[%emt 0:00:14]} Kd2 {[%emt 0:00:10]} 74. Rd5+ {[%emt 0:00:09]} Rd3 {[%emt 0:00:05]} 0-1

[Event "49th Rilton Cup 2019-20"]
[Site "Stockholm"]
[Date "2020.01.03"]
[Round "7.21"]
[White "Sidhant, Mohapatra"]
[Black "Lindberg, Bengt"]
[Result "1-0"]
[WhiteElo "2338"]
[BlackElo "2401"]
[Annotator "NA"]
[PlyCount "101"]
[EventDate "2019.12.27"]
[EventType "swiss"]
[EventCountry "SWE"]
[SourceTitle "playchess.com"]
[Source "ChessBase"]
[SourceQuality "1"]
[TimeControl "40/5400+30:1800+30"]

1. e4 {[%emt 0:00:00]} c5 {[%emt 0:00:00]} 2. Nf3 {[%emt 0:00:05]} d6 {[%emt 0:00:21]} 3. d4 {[%emt 0:03:38]} cxd4 {[%emt 0:00:18]} 4. Nxd4 {[%emt 0:00:08]} Nf6 {[%emt 0:00:15]} 5. Nc3 {[%emt 0:00:06]} a6 {[%emt 0:00:27]} 6. g3 {[%emt 0:02:27]} g6 {[%emt 0:02:14]} 7. Bg2 {[%emt 0:00:44]} Bg7 {[%emt 0:00:33]} 8. O-O {[%emt 0:00:37]} O-O {[%emt 0:02:53]} 9. a4 {[%emt 0:00:34]} Bd7 {[%emt 0:04:35]} 10. Nd5 {[%emt 0:09:35]} Nc6 {[%emt 0:13:32]} 11. Nb3 {[%emt 0:00:54]} Nxd5 {[%emt 0:08:11]} 12. exd5 {[%emt 0:00:17]} Ne5 {[%emt 0:00:10]} 13. Nd4 {[%emt 0:04:12]} Rc8 {[%emt 0:05:42]} 14. h3 {[%emt 0:00:39]} b5 {[%emt 0:12:48]} 15. axb5 {[%emt 0:04:23]} axb5 {[%emt 0:00:06]} 16. b3 {[%emt 0:01:18]} f5 {[%emt 0:01:27]} 17. f4 {[%emt 0:02:02]} Nf7 {[%emt 0:00:45]} 18. Kh2 {[%emt 0:03:22]} h5 {[%emt 0:02:47]} 19. Re1 {[%emt 0:03:56]} Bf6 {[%emt 0:01:25]} 20. Bb2 {[%emt 0:02:05]} Qb6 {[%emt 0:01:46]} 21. Rb1 {[%emt 0:02:17]} Rfe8 {[%emt 0:17:23]} 22. Qd3 {[%emt 0:05:45]} b4 {[%emt 0:00:35]} 23. g4 {[%emt 0:00:46]} hxg4 {[%emt 0:02:06]} 24. hxg4 {[%emt 0:00:06]} Nh6 {[%emt 0:05:10]} 25. Bf3 {[%emt 0:03:22]} Bb5 {[%emt 0:01:27]} 26. Qxb5 {[%emt 0:18:47]} Bxd4 {[%emt 0:00:19]} 27. Qxb6 {[%emt 0:00:42]} Bxb6 {[%emt 0:03:20]} 28. Re2 {[%emt 0:00:37]} fxg4 {[%emt 0:00:31]} 29. Be4 {[%emt 0:00:07]} Nf5 {[%emt 0:02:41]} 30. Kg2 {[%emt 0:01:02]} e5 {[%emt 0:08:35]} 31. dxe6 {[%emt 0:01:06]} Rc7 {[%emt 0:01:03]} 32. Rh1 {[%emt 0:02:15]} Rh7 {[%emt 0:00:07]} 33. Rxh7 {[%emt 0:01:06]} Kxh7 {[%emt 0:00:02]} 34. Bc6 {[%emt 0:00:01]} Re7 {[%emt 0:02:11]} 35. Bf6 {[%emt 0:00:04]} Bd8 {[%emt 0:00:55]} 36. Bxe7 {[%emt 0:00:10]} Bxe7 {[%emt 0:00:25]} 37. Bd5 {[%emt 0:01:44]} Bd8 {[%emt 0:00:39]} 38. Re4 {[%emt 0:03:03]} Ne7 {[%emt 0:00:16]} 39. Bb7 {[%emt 0:00:37]} Ba5 {[%emt 0:00:52]} 40. Kg3 {[%emt 0:01:59]} Kg7 {[%emt 0:00:23]} 41. Kxg4 {[%emt 0:30:07]} Kf6 {[%emt 0:30:27]} 42. Kf3 {[%emt 0:00:40]} d5 {[%emt 0:00:00]} 43. Bxd5 {[%emt 0:00:00]} Bc7 {[%emt 0:00:00]} 44. Bc4 {[%emt 0:00:00]} Bd6 {[%emt 0:00:00]} 45. Rd4 {[%emt 0:00:00]} Nf5 {[%emt 0:00:00]} 46. Rd1 {[%emt 0:00:00]} Bc5 {[%emt 0:00:00]} 47. Rd7 {[%emt 0:00:00]} Ne7 {[%emt 0:00:00]} 48. Ke4 {[%emt 0:00:00]} Bf2 {[%emt 0:00:00]} 49. Rd8 {[%emt 0:00:00]} Nc6 {[%emt 0:00:00]} 50. Rc8 {[%emt 0:00:00]} Nd4 {[%emt 0:00:00]} 51. Rc7 {[%emt 0:00:00]} 1-0